[Event "Kujawsko Pomorskie-ch op-A 65th"]
[Site "Szubin"]
[Date "2012.08.15"]
[Round "2.9"]
[White "Haja, Jacek"]
[Black "Mlodzinska, Irena"]
[Result "1/2-1/2"]
[WhiteElo "1772"]
[BlackElo "1916"]
[PlyCount "45"]
[EventDate "2012.08.09"]
[EventType "swiss"]
[EventRounds "9"]
[EventCountry "POL"]
[SourceTitle "EXT 2023"]
[Source "ChessBase"]
[SourceDate "2022.10.05"]
[SourceVersion "1"]
[SourceVersionDate "2022.10.05"]
[SourceQuality "1"]

1. e4 c5 2. Nc3 d6 3. g3 Nc6 4. Bg2 g6 5. f4 Bg7 6. d3 Bd7 7. Nf3 Rb8 8. a4 a6 9. 0-0 Nf6 10. h3 h5 11. Qe2 Nd4 12. Nxd4 cxd4 13. Nd5 Nxd5 14. exd5 Qc8 15. Kh2 Bf6 16. b3 Kf8 17. Bb2 Bf5 18. Qf2 Qc5 19. Rfe1 Rc8 20. Re2 Rd8 21. Rae1 Rg8 22. h4 b6 23. Ra1 1/2-1/2

[Event "Znin op"]
[Site "Znin"]
[Date "2010.06.28"]
[Round "3"]
[White "Haja, Jacek"]
[Black "Maksimenko, Andrei Jr"]
[Result "0-1"]
[WhiteElo "1778"]
[BlackElo "1757"]
[PlyCount "56"]
[EventDate "2010.06.27"]
[EventType "swiss"]
[EventRounds "9"]
[EventCountry "POL"]
[SourceTitle "CBM 137 Extra"]
[Source "ChessBase"]
[SourceDate "2010.09.01"]
[SourceVersion "1"]
[SourceVersionDate "2010.09.01"]
[SourceQuality "1"]

1. e4 c5 2. Nf3 e6 3. d4 cxd4 4. Nxd4 a6 5. Bd3 Qc7 6. 0-0 Bc5 7. Nb3 Be7 8. a4 b6 9. Be3 Nc6 10. c3 Nf6 11. N1d2 Bb7 12. Nc4 b5 13. axb5 axb5 14. Rxa8+ Bxa8 15. Nb6 0-0 16. Bxb5 Bd6 17. f4 Nxe4 18. Nxa8 Rxa8 19. Qd3 Nf6 20. g3 Ng4 21. Bc1 Rb8 22. Kg2 Qb7 23. Qxd6 Qxb5 24. Nd4 Nxd4 25. cxd4 Qe2+ 26. Kh3 Qxf1+ 27. Kxg4 Rb5 28. Qxd7 Qe2+ 0-1

[Event "Poznan op-B 17th"]
[Site "Poznan"]
[Date "2008.07.27"]
[Round "9.10"]
[White "Kaczmarek, Piotr1111"]
[Black "Haja, Jacek"]
[Result "1-0"]
[WhiteElo "1935"]
[BlackElo "1769"]
[PlyCount "50"]
[EventDate "2008.07.19"]
[EventType "swiss"]
[EventRounds "9"]
[EventCountry "POL"]
[SourceTitle "EXT 2023"]
[Source "ChessBase"]
[SourceDate "2022.10.05"]
[SourceVersion "1"]
[SourceVersionDate "2022.10.05"]
[SourceQuality "1"]

1. e4 e5 2. Bc4 Nf6 3. Nc3 Nc6 4. d3 Bc5 5. f4 d6 6. f5 h6 7. h3 Na5 8. Nf3 Nxc4 9. dxc4 Bd7 10. Qd3 a5 11. Bd2 Bc6 12. Nd5 Nd7 13. 0-0-0 Nb6 14. g3 f6 15. h4 Kd7 16. a3 Qf8 17. Bxh6 gxh6 18. h5 Rg8 19. Nh4 a4 20. Ng6 Bxd5 21. Nxf8+ Rgxf8 22. cxd5 Ra6 23. Rd2 Rg8 24. Qb5+ Kd8 25. Rd3 Rg4 1-0